Les stars de la Coupe du Monde - Qatar 2022 - Statistiques

Statistiques générales
  • Ce quiz a été pris 77 fois
  • Le résultat moyen est 35 sur 44
Statistiques - réponses
Par images Réponse % Correct
Giroud
100%
Kane
99%
Pedri
97%
Achraf Hakimi
96%
Di María
96%
Messi
96%
Modric
94%
Cristiano Ronaldo
93%
Pepe
93%
Mbappe
91%
Neymar
91%
Van Dijk
91%
De Bruyne
90%
Griezmann
90%
Luis Suárez
90%
Müller
90%
Son
90%
Vinícius
90%
Bellingham
87%
Bono
85%
De Jong
85%
Eriksen
85%
Lukaku
85%
Gonçalo Ramos
84%
Julián Álvarez
84%
Rashford
84%
Martínez
82%
Richarlison
82%
Enzo Fernández
81%
Saka
81%
Busquets
79%
Gundogan
75%
Gvardiol
73%
Godín
72%
Shaqiri
72%
Alphonso Davies
70%
Pulisic
70%
Gakpo
66%
Vlahovic
55%
Iñaki Williams
54%
Valencia
43%
Taremi
42%
Akram Afif
24%
Guardado
15%
Aucun quiz correspondant
Distribution des résultats
% des personnes avec chaque résultat
Percentile par nombre de réponses
Votre historique - résultats
Vous n’avez pas pris ce quiz